000 00771nam a2200217 a 4500
999 _c3118
_d3118
001 3118
003 BD-JhCC
005 20171113191523.0
008 171109s1987 bg ||||| |||| 00| 0 ben d
035 _a(BD-JhCC)3118
040 _aBD-JhCC
_dBD-JhCC
041 _aben
082 _a891.4409
_bHAQ 1987
100 _a হক, খন্দকার মুজাম্মিল
245 _aমধ্যযুগের বাঙলায় মুসলিম নীতিশাস্ত্র কথা /
_cখন্দকার মুজাম্মিল হক
260 _aঢাকা :
_bবাংলা একাডেমী,
_c1987.
300 _a344 p. :
_c21 cm.
650 _aIslamic didacticism in medieval bengali
942 _2ddc
_cBK